000 01710cam a22002775a 4500
001 L140280
002 16685
008 070914s2007 xxk f 001 0 eng d
020 _a9780727738721
035 _a(Sirsi) u140280
041 0 _aeng
050 0 4 _a690.22 $2 18
100 1 _aJoyce, Raymond
245 0 4 _aThe CDM regulations 2007 explained
_h[electronic resource]
260 _aLondon
_bThomas Telford Publishing
_c2007
300 _aeBook
350 _a50
505 2 _aIntroduction -- Framework of health and safety law -- An overview of the Regulations -- General principles -- Considerations for the welfare of workers -- Consideration for hazardous operations -- Competence -- The designer -- The CDM co-ordinator -- The contractor -- The construction phase plan -- The health and safety file -- Contract documentation -- Criminal and civil liability and enforcement -- Transitional provisions
520 _aProvides guidance to parties involved in construction projects. Focuses on obligations relating to the Construction (Design and Management) Regulations 2007 and relates these to various areas of law. Incorporates the provisions for health, safety and welfare on construction sites. Addresses the topics of general principles and competence; consequences of breaches of the regulations; and the transition arrangements that apply up to April 2008.
590 _aKA
650 2 4 _aCONSTRUCTION (DESIGN AND MANAGEMENT) REGULATIONS 2007
651 4 _aUnited Kingdom
_y
690 _aBUILT ENVIRONMENT-CONSTRUCTION MANAGEMENT-CONSTRUCTION DESIGN AND MANAGEMENT
856 4 8 _uhttps://www.vlebooks.com/
_zView on VLEbooks. Logins for members only from [email protected]
942 _n0
999 _c107469
_d107469